Kvalita, manažérstvo kvality. Štatistické riadenie kvality
Vývojové fázy chápania pojmu kvalita. Otázky kvality a jej zlepšenia. Priekopníci v oblasti kvality. Najvýznamnejší predstavitelia. Úsilie o zvyšovanie kvality.
Enregistré dans:
| Auteur principal: | |
|---|---|
| Autres auteurs: | |
| Format: | Chapitre de livre |
| Langue: | slovaque |
| Sujets: | |
| Tags: |
Pas de tags, Soyez le premier à ajouter un tag!
|
MARC
| LEADER | 00000naa$a2200000$$$4500 | ||
|---|---|---|---|
| 001 | 0061519 | ||
| 005 | 20240613073936.7 | ||
| 041 | 0 | |a slo | |
| 044 | |a SK | ||
| 245 | 1 | 0 | |a Kvalita, manažérstvo kvality. Štatistické riadenie kvality |c Ľubica Hrnčiarová, Milan Terek |
| 520 | |a Vývojové fázy chápania pojmu kvalita. Otázky kvality a jej zlepšenia. Priekopníci v oblasti kvality. Najvýznamnejší predstavitelia. Úsilie o zvyšovanie kvality. | ||
| 610 | 2 | 0 | |a riadenie kvality |
| 610 | 2 | 0 | |a systém riadenia kvality |
| 610 | 2 | 0 | |a osobnosť |
| 610 | 2 | 0 | |a kvalita |
| 610 | 2 | 0 | |a pojmy |
| 610 | 2 | 0 | |a manažment |
| 100 | 1 | |a Hrnčiarová, Ľubica | |
| 700 | 1 | |a Terek, Milan | |